Ariana Grande - Chansons de l'album Dangerous Woman - Statistiques

Statistiques générales
  • Ce quiz a été pris 209 fois
    191 depuis la dernière actualisation
  • Le résultat moyen est 13 sur 17
Statistiques - réponses
Hint Réponse % Correct
Dangerous Woman 2 Dangerous Woman
98%
Dangerous Woman 4 Into You
93%
Dangerous Woman 5 Side to Side
88%
Dangerous Woman 6 Let Me Love You
87%
Dangerous Woman 9 Everyday
85%
Dangerous Woman 1 Moonlight
85%
Dangerous Woman Deluxe 13 Touch It
79%
Dangerous Woman 8 Leave Me Lonely
78%
Dangerous Woman 3 Be Alright
75%
Dangerous Woman 7 Greedy
73%
Dangerous Woman 10 Sometimes
70%
Dangerous Woman Deluxe 15 Thinking Bout You
67%
Dangerous Woman Deluxe 14 Knew Better / Forever Boy
64%
Dangerous Woman Deluxe 12 Bad Decisions
62%
Dangerous Woman Deluxe 17 Jason's Song (Gave It Away)
61%
Dangerous Woman 11 I Don't Care
57%
Dangerous Woman Deluxe 16 Step on Up
54%
Aucun quiz correspondant
Distribution des résultats
% des personnes avec chaque résultat
Percentile par nombre de réponses
Votre historique - résultats
Vous n’avez pas pris ce quiz depuis la dernière actualisation